Statistics for The Stanley Parable Endings

Click here to take the quiz!

General Stats

  • This quiz has been taken 49 times
  • The average score is 14 of 28

Answer Stats

HintAnswer% Correct
1. Left Door Endings1.1 Freedom Ending
85%
1. Left Door Endings1.2 Countdown Ending
70%
2. Right Door Endings2.6 Zending
70%
1. Left Door Endings1.5 Escape Pod Ending
65%
1. Left Door Endings1.7 Broom Closet Ending
65%
2. Right Door Endings2.1 Confusion Ending
65%
2. Right Door Endings2.8 Art Ending
65%
4.The Stanley Parable Ultra Deluxe4.5 Bucket Endings
65%
1. Left Door Endings1.6 Heaven Ending
60%
2. Right Door Endings2.4 Apartment Ending
60%
2. Right Door Endings2.5 Not Stanley Ending
60%
1. Left Door Endings1.3 Museum Ending
55%
1. Left Door Endings1.4 Mariella Ending
55%
2. Right Door Endings2.7 Games Ending
55%
3. Pre-Two Doors Endings3.1 Coward Ending
55%
4.The Stanley Parable Ultra Deluxe4.2 Skip Button Ending
55%
1. Left Door Endings1.9 Elevator Ending
50%
2. Right Door Endings2.3 Cold Feet Ending
50%
2. Right Door Endings2.2 Powerful Ending
40%
3. Pre-Two Doors Endings3.3 Serious Ending
40%
2. Right Door Endings2.9 Vent Ending
35%
4.The Stanley Parable Ultra Deluxe4.1 New Content Ending
35%
3. Pre-Two Doors Endings3.2 Out of Map Ending
30%
3. Pre-Two Doors Endings3.5 Infinite Hole Ending
30%
4.The Stanley Parable Ultra Deluxe4.3 Sequel Ending
30%
3. Pre-Two Doors Endings3.4 Whiteboard Ending
25%
1. Left Door Endings1.8 Bottom of the Mind Control Room Ending
15%
4.The Stanley Parable Ultra Deluxe4.4 Figurines Ending
15%

Score Distribution

Percentile by Number Answered

Percent of People with Each Score

Your Score History

You have not taken this quiz